Trouvez les joueuses féminines les plus titrés - Roland Garros - Statistiques

Statistiques générales
  • Ce quiz a été pris 27 fois
  • Le résultat moyen est 5 sur 10
Statistiques - réponses
Nombre et dates de chaques victoires Origines Joueuses % Correct
4 victoires : 2003, 2005, 2006 et 2007 Belge Justine Hénin
81%
3 victoires : 2002, 2013 et 2015 Américaine Serena Williams
81%
6 victoires : 1987, 1988, 1993, 1995, 1996 et 1999 Allemande Steffi Graf
81%
7 victoires : 1974, 1975, 1979, 1980, 1983, 1985 et 1986 Américaine Chris Evert
70%
4 victoires : 2020, 2022, 2023 et 2024 Polonaise Iga Świątek
70%
3 victoires : 1990 ; 1991 et 1992 Yougoslave / Américaine Monica Seles
48%
5 victoires : 1962, 1964, 1969, 1970 et 1973 Australienne Margaret Smith Court
30%
3 victoires : 1989, 1994 et 1998 Espagnol Arantxa Sanchez Vicario
11%
4 victoires : 1928, 1929, 1930 et 1932 Américaine Helen Wills
4%
3 victoires : 1935, 1936 et 1937 Allemande Hilde Krahwinkel Sperling
4%
Aucun quiz correspondant
Distribution des résultats
% des personnes avec chaque résultat
Percentile par nombre de réponses
Votre historique - résultats
Vous n’avez pas pris ce quiz